Places To Study

There are group study rooms, individual study carrels, computer labs, and other spaces to study in the Libraries.

Reserve A Group Room

Online Resources

Access thousands of eBooks, audiobooks, and online journals from the comfort of your home.

Explore Resources

Events and Workshops

Join our upcoming events and workshops to enhance your skills and knowledge.

View Events

Mindfulness and insight : (Record no. 2591)

MARC details
000 -LEADER
fixed length control field 00821nam a22002057a 4500
003 - CONTROL NUMBER IDENTIFIER
control field OSt
005 - DATE AND TIME OF LATEST TRANSACTION
control field 20251121164158.0
008 - FIXED-LENGTH DATA ELEMENTS--GENERAL INFORMATION
fixed length control field 251121b |||||||| |||| 00| 0 eng d
020 ## - INTERNATIONAL STANDARD BOOK NUMBER
International Standard Book Number 9781614295372
040 ## - CATALOGING SOURCE
Transcribing agency DCL
082 ## - DEWEY DECIMAL CLASSIFICATION NUMBER
Classification number 294.34435
100 0# - MAIN ENTRY--PERSONAL NAME
Personal name Mahasi Sayadaw (Sobhana),
Dates associated with a name 1904-1982
245 ## - TITLE STATEMENT
Title Mindfulness and insight :
Remainder of title the Mahasi method /
Statement of responsibility, etc. Venerable Mahasi Sayadaw ; translated and edited by the Vipassana Mettā Foundation Translation Committee ; foreword by Sharon Salzberg ; introduction by Steve Armstrong.
260 ## - PUBLICATION, DISTRIBUTION, ETC.
Place of publication, distribution, etc. Somerville :
Name of publisher, distributor, etc. Buddhist Publication Society,
Date of publication, distribution, etc. 2019.
300 ## - PHYSICAL DESCRIPTION
Extent x, 276 pages :
Other physical details ill. ;
Dimensions 22 cm.
504 ## - BIBLIOGRAPHY, ETC. NOTE
Bibliography, etc. note Includes bibliographical references and index
650 ## - SUBJECT ADDED ENTRY--TOPICAL TERM
Topical term or geographic name entry element Vipaśyanā (Buddhism)
650 ## - SUBJECT ADDED ENTRY--TOPICAL TERM
Topical term or geographic name entry element Meditation
General subdivision Buddhism
942 ## - ADDED ENTRY ELEMENTS (KOHA)
Source of classification or shelving scheme Dewey Decimal Classification
Koha item type Short Term
Suppress in OPAC No
Holdings
Withdrawn status Lost status Source of classification or shelving scheme Damaged status Not for loan Collection Accession No. Home library Current library Shelving location Date acquired Total checkouts Full call number Barcode Date last seen Price effective from Koha item type
    Dewey Decimal Classification     Myanmar Pitaka Collection 644 Dhammadhara Dhammadhara Myanmar Pitaka Shelves 21/11/2025   294.34435 Ma 644 EB00000644 21/11/2025 21/11/2025 Short Term